000 01039nam a22002537a 4500
005 20170124103059.0
010 _aB-053081
020 _c125.00
_a8171490271
035 _aB-053081
037 _bCen Lib/Ret
040 _aDPL
_bHN
082 _a821
_bतिवारी
100 _aतिवारी, सुनील कुमार
_976082
245 _aगढ़े हुए घरौंदे /
_cसुनील कुमार तिवारी
246 _aGarhe huye gharaunde /
_bby Sunil Kumar Tiwari
260 _aदिल्ली
_bसाहित्य सहकर
_c2001
270 _bदिल्ली
_a29/62-बी, गली-11, विश्वास नगर
_e110032
300 _a96पृ.
_c21सेमी (सजिल्द)
650 _aसाहित्य--कविता
_976083
650 _aहिन्दी कविताएं
_976084
650 _aLiterature--Poem
_976085
650 _aHindi poems
_976086
942 _2ddc
_cHN
_h821
_mतिवारी
999 _c117653
_d117653